000 00701nam a2200253Ia 4500
003 OSt
005 20220918164722.0
006 a|||||r|||| 00| 0
007 ta
008 220917b |||||||| |||| 00| 0 eng d
020 _a071560757X
024 _a251,280
037 _cTextual
040 _aARTS
_cARTS
_beng
041 _2eng
_aeng
082 _aY7:6.6, L4
100 _aKuper Leo
_920254
245 0 _aRace, class and power
_b Ideology and revolutionary change in plural societies
260 _aLondon
_bGerald Duckworth and Company UK
_c1974
300 _avii,345p.
_ccm.
650 _aSOCIOLOGY
942 _hY7:6.6, L4
_cTEXL
_2CC
999 _c126139
_d126139